| 000 | 00377nam a2200133Ia 4500 | ||
|---|---|---|---|
| 008 | 231017s9999 xx 000 0 und d | ||
| 082 | _a363.1256KLO | ||
| 082 | _bKLO | ||
| 245 | 4 | _aThe Crash and Offence Experience of Drivers Eligible for the South Australian Driver Intervention Program | |
| 245 | 0 | _cCN. Kloeden | |
| 260 | _bCN. Kloeden | ||
| 300 | _c30cm | ||
| 942 | _cREP | ||
| 999 |
_c603697 _d603697 |
||